| 000 | 00600cam a2200205 4500 | ||
|---|---|---|---|
| 008 | 250702t2003 xxk||||| |||| 00| 0 eng d | ||
| 041 | _aeng | ||
| 050 | _a658.022 | ||
| 110 |
_aRoyal Institution of Chartered Surveyors _94900 |
||
| 245 |
_aLocus and alternates, sample agreement _c[archived] |
||
| 260 |
_aLondon _bRICS _cMarch 2003 |
||
| 300 | _a9p. ; 30cm. | ||
| 350 | _a0 | ||
| 650 | _aALTERNATE ARRANGEMENTS | ||
| 650 | _aLOCUM ARRANGEMENTS | ||
| 650 | _aSMALL FIRMS | ||
| 650 | _aSOLE PRACTITIONERS | ||
| 690 | _aMANAGEMENT-BUSINESS MANAGEMENT-PROFESSIONAL PRACTICE | ||
| 942 |
_n0 _2ddc |
||
| 999 |
_c122193 _d122193 |
||